000 00439nam a2200181Ia 4500
005 20240823004940.0
008 240823s9999||||xx |||||||||||||| ||und||
041 _aENGLISH
082 _A621.381 N2
100 _aMitchell F H
245 0 _aIntroduction to Electronics Design
250 _a2nd
260 _c1992
_b"PHI,New Delhi"
500 _aTRANSFERED
650 _aElectronics
_bInstrumentation
942 _cBK
999 _c154321
_d154321